| 000 | 00697nam a2200181Ia 4500 | ||
|---|---|---|---|
| 008 | 151018s9999 xx 000 0 und d | ||
| 082 |
_bRBASDV47599 _a891.433 |
||
| 100 | _aसुकन पासवान प्रज्ञाचक्षु | ||
| 245 | _aटुकडा टुकडा आकाश | ||
| 250 | _b1 | ||
| 260 |
_bपंकज बुक्स _c2007 |
||
| 300 | _a112 | ||
| 600 | _aसुकन पासवान प्रज्ञाचक्षु | ||
| 630 | _aटुकडा टुकडा आकाश | ||
| 700 | _aसुकन पासवान प्रज्ञाचक्षु | ||
| 730 | _aटुकडा टुकडा आकाश | ||
| 942 | _cBOOK | ||
| 999 |
_c1046731 _d1046728 |
||